| 000 | 00486nam a2200181Ia 4500 | ||
|---|---|---|---|
| 001 | 62979 | ||
| 008 | 150107s9999 xx 000 0 und d | ||
| 020 | _a9780415469227 | ||
| 040 | _cPK-LaUMT | ||
| 082 |
_a 711.4 _bURB- |
||
| 100 | _aAhlava, Antti | ||
| 245 |
_aUrban design management (UDM) _ba guide to good practice _cAhlava, Antti|Edelman, Harry |
||
| 260 |
_aLondon,UK: _bTaylor & Francis, _c2009 |
||
| 300 | _a242 p. | ||
| 546 | _aEN | ||
| 700 | _aEdelman, Harry | ||
| 942 | _cBK | ||
| 999 |
_c63541 _d63541 |
||